| 000 | 01340nam a2200313Ia 4500 | ||
|---|---|---|---|
| 001 | ebr10229702 | ||
| 003 | CaPaEBR | ||
| 006 | m u | ||
| 007 | cr cn||||||||| | ||
| 008 | 920828s2008 enka sb 000 0 eng d | ||
| 020 | _z9781848550544 | ||
| 040 |
_aCaPaEBR _cCaPaEBR |
||
| 035 | _a(OCoLC)646747644 | ||
| 050 | 1 | 4 |
_aZ678.93.M53 _bO2621 2008eb |
| 245 | 0 | 0 |
_aOCLC systems & services _h[electronic resource] : _binternational digital library perspectives. _nVolume 24, Number 1. |
| 246 | 3 |
_aOnline Computer Library Center systems and services : _binternational digital library perspectives. _nVolume 24, Number 1 |
|
| 260 |
_a[Bradford, England] : _bEmerald, _c2008. |
||
| 300 |
_a70 p. : _bill. |
||
| 490 | 0 |
_aOCLC systems & services ; _vv. 24, no. 1 |
|
| 500 | _a"Including a special section: institutional repositories". | ||
| 504 | _aIncludes bibliographical references. | ||
| 533 |
_aElectronic reproduction. _bPalo Alto, Calif. : _cebrary, _d2009. _nAvailable via World Wide Web. _nAccess may be limited to ebrary affiliated libraries. |
||
| 610 | 2 | 0 | _aOCLC. |
| 650 | 0 |
_aLibraries _xAutomation. |
|
| 655 | 7 |
_aElectronic books. _2local |
|
| 710 | 2 | _aOCLC. | |
| 710 | 2 | _aebrary, Inc. | |
| 856 | 4 | 0 |
_uhttp://site.ebrary.com/lib/rucke/Doc?id=10229702 _zAn electronic book accessible through the World Wide Web; click to view |
| 999 |
_c39021 _d39021 |
||